| 000 | 00600nam a2200133 a 4500 | ||
|---|---|---|---|
| 001 | 000042781 | ||
| 005 | 20201002040407.0 | ||
| 008 | 140210s2003 dr ad 000 0 spa d | ||
| 040 |
_aDO-SdBNP _bspa _cBNPHU |
||
| 245 | 0 | 0 |
_aVoz de la integración y el desarrollo de la Región Nordeste y el Cibao Central : _bProyecto Ferrocarril Internacional Nordeste-Dominicana-Haití. |
| 260 |
_aSan Francisco de Macoris, República Dominicana : _bConsejo Nacional de Desarrollo Industrial (CRD), _c2003. |
||
| 300 |
_a68 p. : _bil., gráf. ; _c21 cm. |
||
| 710 | 2 |
_aConsejo Nacional de Desarrollo Industrial (CRD) _970123 |
|
| 999 |
_c42270 _d42270 |
||